Herir con honra (el juez de su causa) (Record no. 164054)
[ view plain ]
| 000 -LEADER | |
|---|---|
| campo de control de longitud fija | 00978nam a2200193 i 4500 |
| 001 - NÚMERO DE CONTROL | |
| campo de control | 164054 |
| 003 - IDENTIFICADOR DE NÚMERO DE CONTROL | |
| campo de control | ES-MaACL |
| 005 - FECHA Y HORA DE LA ÚLTIMA TRANSACCIÓN | |
| campo de control | 20250915063100.0 |
| 008 - DATOS DE LONGITUD FIJA--INFORMACIÓN GENERAL | |
| campo de control de longitud fija | 020313s1882 sp |||| | spa d |
| 040 ## - FUENTE DE CATALOGACIÓN | |
| Centro catalogador/agencia de origen | CAM |
| Lengua de catalogación | spa |
| Centro/agencia transcriptor | CAM |
| 100 1# - ENTRADA PRINCIPAL--NOMBRE DE PERSONA | |
| Nombre de persona | Rovira y Serra, Manuel, |
| Fechas asociadas al nombre | 1865-1929 |
| 9 (RLIN) | 132129 |
| 245 10 - MENCIÓN DEL TÍTULO | |
| Título | Herir con honra (el juez de su causa) |
| Resto del título | : drama en tres actos y en prosa de costumbres cubanas / |
| Mención de responsabilidad, etc. | original de Manuel Rovira y Serra. |
| 260 ## - PUBLICACIÓN, DISTRIBUCIÓN, ETC. | |
| Lugar de publicación, distribución, etc. | Barcelona : |
| Nombre del editor, distribuidor, etc. | [s.n.], |
| Fecha de publicación, distribución, etc. | 1882 ( |
| Fabricante | Imprenta de los Sucesores de N. Ramirez y Cª) |
| 300 ## - DESCRIPCIÓN FÍSICA | |
| Extensión | 53 p. ; |
| Dimensiones | 19 cm. |
| 500 ## - NOTA GENERAL | |
| Nota general | Representado por primera vez en el funcion dedicada á los Hijos de Cuba á beneficio de Miguel Bassols, la noche del 15 de mayo de 1882 en el Teatro del Tívoli de Barcelona. |
| 596 ## - NOTA AL PIE DE IMPRENTA | |
| NOTA AL PIE DE IMPRENTA | En p. 6 consta : "... Galería lírico-dramática, titulada El Teatro..." |
| 852 ## - LOCALIZACIÓN | |
| Ubicación | ES-MaACL |
| Número de control de estantería | G-3519(1) |
| Nota libre | -- Enc. tela, falto de la cub. original |
| -- | -- Enc. en un vol. facticio |
| Estatus retirado | Estado de pérdida | Estado de daño | No para préstamo | Colección | Biblioteca de origen | Biblioteca actual | Ubicación en estantería | Fecha de adquisición | Fuente de adquisición | Total de préstamos | Signatura topográfica completa | Código de barras | Visto por última vez | Precio de reemplazo | Tipo de ítem Koha |
|---|---|---|---|---|---|---|---|---|---|---|---|---|---|---|---|
| Libros del s. XIX | Biblioteca del Ateneo de Madrid | Biblioteca del Ateneo de Madrid | Depósito 2 | 17/01/2008 | G-3519(1) | 1171937 | 23/02/2023 | 23/02/2023 | Libro impreso antiguo |
